Normal view
MARC view
- Muhammad Helal Abdullah Khan Mayo
Entry Personal Name
001 - CONTROL NUMBER
- control field: 103948
003 - CONTROL NUMBER IDENTIFIER
- control field: NUST
005 - DATE AND TIME OF LATEST TRANSACTION
- control field: 20221202093240.0
008 - FIXED-LENGTH DATA ELEMENTS
- fixed length control field: 221202|| aca||aabn | a|a d
040 ## - CATALOGING SOURCE
- Original cataloging agency: NUST
- Transcribing agency: NUST
100 ## - HEADING--PERSONAL NAME
- Personal name: Muhammad Helal Abdullah Khan Mayo
670 ## - SOURCE DATA FOUND
- Source citation: Work cat.: (NUST): Muhammad Helal Abdullah Khan Mayo, Design and Photocopying of a Serving Robot for a Hotel Environments , 2022.
